| 000 | 00696nam a22001937a 4500 | ||
|---|---|---|---|
| 003 | BD-DhUL | ||
| 005 | 20161026181520.0 | ||
| 008 | 160829s1976 bg a|||| |||| 000 0 ben d | ||
| 040 |
_cBD-DhUL _aBD-DhUL |
||
| 082 | 0 |
_a891.443 _bMUD |
|
| 100 | 1 | _aমামুন, মুনতাসীর | |
| 245 | 1 | 0 |
_aডেনমার্কের গল্প / _cমুনতাসীর মামুন |
| 260 |
_aঢাকা : _bশিশু সহিত্য সংসদ, _c১৯৭৬. |
||
| 300 |
_a৮৭ পৃ. ; _b২০ সেমি |
||
| 500 | _aনির্ঘন্ট সম্বলিত। | ||
| 650 | 1 | _aবাংলা গল্প | |
| 650 | 1 | _aBengali story | |
| 942 |
_2ddc _cBK |
||
| 999 |
_c115794 _d115794 |
||